000 00546nam a22001577a 4500
003 NUST
038 _aNusrat Nadeem
082 _a200
100 _aFatima, Syeda Tahreem
_9130977
245 _aGranularity Meets Noise: Exploring Document–Proposition Combinations for LLM Question Answering/
_cSyeda Tahreem Fatima,
264 _aIslamabad:
_bSEECS NUST.
_c2025.
650 _aMS- Data Science
_9123017
700 _aSupervisor: Dr. Syed Imran Ali
_9125636
856 _u http://10.250.8.41:8080/xmlui/handle/123456789/55567
942 _2ddc
_cSC
999 _c615102
_d615102